Bankový sektor krízu ustojí, bude ho to ale niečo stáť
Správa o stave a vývoji finančného sektora za 2019 v SR. Pandémia ako hlavná téma pre NBS. Slovenský finančný sektor a možné riziká. Situácia v prípade úverov na bývanie. Vývoj úverovej aktivity v podnikovom sektore.
Guardado en:
| Formato: | Capítulo de libro |
|---|---|
| Lenguaje: | eslovaco |
| Materias: | |
| Etiquetas: |
Sin Etiquetas, Sea el primero en etiquetar este registro!
|
MARC
| LEADER | 00000naa a2200000 4500 | ||
|---|---|---|---|
| 001 | 0268267 | ||
| 005 | 20200907095149.1 | ||
| 041 | 0 | |a slo | |
| 044 | |a CZ | ||
| 245 | 1 | 0 | |a Bankový sektor krízu ustojí, bude ho to ale niečo stáť |
| 520 | |a Správa o stave a vývoji finančného sektora za 2019 v SR. Pandémia ako hlavná téma pre NBS. Slovenský finančný sektor a možné riziká. Situácia v prípade úverov na bývanie. Vývoj úverovej aktivity v podnikovom sektore. | ||
| 610 | 2 | 0 | |a prieskum |
| 610 | 2 | 0 | |a banky |
| 610 | 2 | 0 | |a kríza |
| 610 | 2 | 0 | |a sektor finančný |
| 610 | 2 | 0 | |a úver |